000 00295nam a22001337a 4500
008 170412b xxu||||| |||| 00| 0 eng d
020 _a9780803604322
041 _aeng
080 _23 ED
_a618
100 _a10
101 _aSHM
245 _aOBSTETRICAL PEARLS
_cBENSON.M.D
942 _2udc
_cBK
999 _c10580
_d10580